Responses for Show #3236 - Monday, October 5, 1998

Carolyn White game 5.

Contestants

[<< previous game]

Heather Bell, a writer from Trenton, New Jersey

Reed Rankin, a stand-up comedian from Marilla, New York

Carolyn White, a retired management consultant from Tucson, Arizona (whose 4-day cash winnings total $38,800)

[next game >>]

Jeopardy! Round responses

THE 18th CENTURY
CORPORATE HISTORY
ST. PETER
WHAT FOODS THESE MORSELS BE
(Alex: I love the reading!)
EX-BUNNIES
GEOGRAPHER'S DICTIONARY
(Alex: Be careful with that one!)
    $100 13
Eli Whitney

Reed
    $100 9
Apple

Carolyn
    $100 21
an angel

Heather
    $100 6
macaroni

Triple Stumper
    $100 26
Lauren Hutton

Carolyn
    $100 1
Isthmus

Heather
    $200 14
Afghans

Carolyn
    $200 11
(Carolyn: Who is Jack Daniels?)

Jim Beam

Carolyn
Triple Stumper
    $200 22
Denied him

Carolyn
    $200 7
grits

Reed
    $200 27
Deborah Harry

Reed
    $200 2
Parishes

Heather
    $300 15
Peter the Great

Triple Stumper
    $1,000 12
(Reed: What is Saks?)

Tiffany's

Reed
    $300 23
Sea of Galilee

Heather
    $300 8
garbanzos (or chichis)

Reed
    $300 28
General Hospital

Reed
    $300 3
Fjord

Heather
    $400 18
Captain James Cook

Carolyn
    $400 16
Airplanes

Carolyn
    $400 24
Upside down

Carolyn
    $400 10
Rabbit

Reed
    $400 29
Gloria Steinem

Carolyn
    $400 4
Canton

Carolyn
    $500 19
"Surprise"

Carolyn
    $500 20
Korean

Reed
    $500 25
Andrew

Carolyn
    $500 17
Ants

Heather
    $500 30
Susan Sullivan

Carolyn
    $500 5
Bay

Reed

Scores at the first commercial break (after clue 12):

Carolyn Reed Heather
$300 $400 $600

Scores at the end of the Jeopardy! Round:

Carolyn Reed Heather
$3,900 $1,500 $1,500

Double Jeopardy! Round responses

ODD NAMES IN SHAKESPEARE
EVERYDAY SYMBOLS
BIG RIVERS
BIRTHPLACES
MOVIE PEOPLE
TAKE "TEN"
    $200 2
Belch

Carolyn
    $200 3
Democratic Party

Heather
    $200 17
Nile

Reed
    $200 22
Helen Reddy

Reed
    $200 1
[Reed selected the first clue.]

Steven Spielberg

Heather
    $200 12
Ten pin

Reed
    $400 4
Goneril

Heather
    $400 18
"Jolly Roger"

Heather
    $400 27
Thames

Carolyn
    $400 23
Stockholm, Sweden

Carolyn
    $400 8
Penny Marshall

Heather
    $400 13
(Alex: I'm very tense, very tense!)

Tension

Carolyn
    $600 5
Dogberry

Heather
    $600 19
Christianity

Heather
    $600 28
St. Lawrence

Reed
    $600 24
Texas

Carolyn
    $600 9
Stanley Kubrick

Reed
    $600 14
The Ten Commandments

Reed
    $800 6
(Heather: What is Lord Poop of Pelham?)

Lord Scroop of Masham

Heather
Triple Stumper
    $800 20
Law/legal profession

Carolyn
    $800 29
(Carolyn: What is the Ganges?)

Indus

Carolyn
Triple Stumper
    $1,500 25
(Alex: And we have about a minute left in the round.)

Kenya

Carolyn
    $800 10
Martin Scorsese

Reed
    $1,000 15
(Reed: What is a pacer?)

a Tennessee walking horse

Reed
    $1000 7
(Carolyn: What is Troilus and Cressida?)
(Reed: What is Romeo and Juliet?)

Antony & Cleopatra

CarolynReed
Triple Stumper
    $1000 21
Soccer

Heather
    $1000 30
the Po

Carolyn
    $1000 26
Rouen

Carolyn
    $1000 11
David Lynch

Heather
    $1000 16
Sir John Tenniel

Triple Stumper

Scores at the end of the Double Jeopardy! Round:

Carolyn Reed Heather
$8,400 $2,700 $5,500

[wagering suggestions for these scores]

Final Jeopardy! Round responses

STATE SONGS
[Kansas: "[*] On The Range"; Kentucky: "My Old Kentucky [*]"]
ReedWhat is sunflower
$2,600
HeatherWhat is home
$5,400
CarolynWhat is grass?
$2,600
Home

Final scores:

Carolyn Reed Heather
$5,800 $100 $10,900
2nd place: Trip to Stonefield Estate, St. Lucia 3rd place: Festina Titanium Chroma Watches New champion: $10,900

Game dynamics:

Coryat scores:

Carolyn Reed Heather
$7,700 $4,700 $5,500
21 R
(including 1 DD),
3 W
15 R,
3 W
(including 2 DDs)
15 R,
1 W

Combined Coryat: $17,900

[game clues] [game scores] [suggest correction]

Game tape date: 1998-08-11
The J! Archive is created by fans, for fans. Scraping, republication, monetization, and malicious use prohibited; this site may use cookies and collect identifying information. See terms. The Jeopardy! game show and all elements thereof, including but not limited to copyright and trademark thereto, are the property of Jeopardy Productions, Inc. and are protected under law. This website is not affiliated with, sponsored by, or operated by Jeopardy Productions, Inc. Join the discussion at JBoard.tv.